00321nam a2200121Ia 4500008004100000041000800041082001200049100001600061245004200077260003600119300003300155365001100188240624s9999 xx 000 0 und d aeng a020 RAM aRAMAIAH L S aE LIBRARIES PROBLEMS AND PERSPECTIVES c2009aMumbaibAllied Publishers axxiii, : 670 : p. : cm. ; 23 cRSb40